000 00357nam a2200157Ia 4500
003 OSt
005 20240521120852.0
008 170524s9999 xx 000 0 und d
020 _a978-0195670011
040 _ciimtu
100 _aRamakalyan- A.
245 0 _aLinear Circuits: Analysis & Synthesis
260 _bOxford
260 _c2009
942 _2ddc
_c02
999 _c5923
_d5923